000 00477nam a2200181Ia 4500
001 5072
005 20260306145841.0
008 260306t2014||||xx |||||||||||||| ||spa||
041 _aESP
082 _a332.678
_bM42 2014
100 _aMéndez Lozano, Rafael
_eAUT
245 0 _aFormulación y evaluación de proyectos:
_benfoque para emprendedores
260 _c2014
300 _axxv, 463 páginas :
_c27 cm.
650 _aGEN
654 _aCAN
942 _cLIB
_dJUS
_fJUS
_2ddc
_n
999 _c5072
_d5072